[Event "WYCC 2018 O14"]
[Site "Halkidiki"]
[Date "2018.10.26"]
[Round "7"]
[White "Tsarsitalidis, Konstantinos"]
[Black "Torngren, Gustav"]
[Result "0-1"]
[WhiteElo "1864"]
[BlackElo "2107"]
[Annotator "NA"]
[PlyCount "140"]
[EventDate "2018.10.20"]
[EventType "swiss"]
[EventCountry "GRE"]
[SourceTitle "playchess.com"]
[Source "ChessBase"]
[SourceQuality "1"]
[TimeControl "40/5400+30:1800+30"]

1. e4 {[%emt 0:00:00]} c5 {[%emt 0:00:19]} 2. Nf3 {[%emt 0:00:00]} Nc6 {[%emt 0:00:10]} 3. d4 {[%emt 0:00:00]} cxd4 {[%emt 0:00:07]} 4. Nxd4 {[%emt 0:00:00]} g6 {[%emt 0:00:09]} 5. Nc3 {[%emt 0:00:00]} Bg7 {[%emt 0:00:09]} 6. Be3 {[%emt 0:00:01]} Nf6 {[%emt 0:00:13]} 7. Bc4 {[%emt 0:00:08]} Qa5 {[%emt 0:00:08]} 8. O-O {[%emt 0:00:07]} O-O {[%emt 0:00:07]} 9. Bb3 {[%emt 0:01:10]} d6 {[%emt 0:00:14]} 10. Nd5 {[%emt 0:00:06]} Qd8 {[%emt 0:00:10]} 11. Nxf6+ {[%emt 0:00:12]} Bxf6 {[%emt 0:00:16]} 12. c3 {[%emt 0:00:05]} Bd7 {[%emt 0:02:17]} 13. f4 {[%emt 0:14:23]} Na5 {[%emt 0:05:51]} 14. Qe2 {[%emt 0:14:33]} Qc8 {[%emt 0:10:49]} 15. h3 {[%emt 0:04:14]} a6 {[%emt 0:02:51]} 16. Rac1 {[%emt 0:17:00]} Nxb3 {[%emt 0:03:10]} 17. axb3 {[%emt 0:00:10]} b5 {[%emt 0:00:29]} 18. e5 {[%emt 0:05:19]} dxe5 {[%emt 0:00:50]} 19. fxe5 {[%emt 0:00:01]} Bg7 {[%emt 0:01:30]} 20. Bf4 {[%emt 0:01:06]} Qc5 {[%emt 0:03:10]} 21. b4 {[%emt 0:04:44]} Qb6 {[%emt 0:01:26]} 22. Kh2 {[%emt 0:01:40]} Be6 {[%emt 0:03:21]} 23. Qe4 {[%emt 0:01:31]} Bc4 {[%emt 0:03:11]} 24. Rfd1 {[%emt 0:02:02]} e6 {[%emt 0:00:10]} 25. Nc2 {[%emt 0:04:54]} Bd5 {[%emt 0:00:41]} 26. Qe2 {[%emt 0:00:28]} Qc7 {[%emt 0:06:48]} 27. Rd4 {[%emt 0:02:54]} Rfd8 {[%emt 0:00:43]} 28. Rcd1 {[%emt 0:02:24]} Bb3 {[%emt 0:01:27]} 29. Rxd8+ {[%emt 0:01:17]} Rxd8 {[%emt 0:00:04]} 30. Rxd8+ {[%emt 0:00:14]} Qxd8 {[%emt 0:00:08]} 31. Nd4 {[%emt 0:00:19]} Bd5 {[%emt 0:00:23]} 32. Qe3 {[%emt 0:02:02]} Qc7 {[%emt 0:00:26]} 33. b3 {[%emt 0:04:22]} h5 {[%emt 0:00:26]} 34. Bg3 {[%emt 0:04:13]} Qb6 {[%emt 0:01:38]} 35. Qg5 {[%emt 0:11:17]} Qc7 {[%emt 0:00:43]} 36. Qe3 {[%emt 0:00:05]} Qb8 {[%emt 0:00:17]} 37. Qf4 {[%emt 0:01:27]} h4 {[%emt 0:04:16]} 38. Qxh4 {[%emt 0:00:14]} Bxe5 {[%emt 0:00:08]} 39. Bxe5 {[%emt 0:00:24]} Qxe5+ {[%emt 0:00:01]} 40. Qg3 {[%emt 0:00:00]} Qe4 {[%emt 0:00:00]} 41. Qb8+ {[%emt 0:10:26]} Kg7 {[%emt 0:05:49]} 42. Qg3 {[%emt 0:00:52]} Kf6 {[%emt 0:05:52]} 43. Qf2+ {[%emt 0:00:58]} Ke7 {[%emt 0:00:16]} 44. Nf3 {[%emt 0:06:01]} Qf4+ {[%emt 0:06:27]} 45. Kg1 {[%emt 0:01:14]} Qc1+ {[%emt 0:02:38]} 46. Qe1 {[%emt 0:01:47]} Qxe1+ {[%emt 0:00:12]} 47. Nxe1 {[%emt 0:00:01]} Bxb3 {[%emt 0:00:28]} 48. Nd3 {[%emt 0:00:01]} Kd6 {[%emt 0:00:55]} 49. Nc5 {[%emt 0:00:14]} Bd5 {[%emt 0:01:58]} 50. Nxa6 {[%emt 0:00:07]} Bc6 {[%emt 0:00:12]} 51. Kf2 {[%emt 0:02:36]} Kd5 {[%emt 0:00:39]} 52. Nb8 {[%emt 0:02:12]} Bb7 {[%emt 0:02:48]} 53. Nd7 {[%emt 0:01:00]} Kc4 {[%emt 0:00:18]} 54. Ne5+ {[%emt 0:00:05]} Kxc3 {[%emt 0:00:14]} 55. Nxf7 {[%emt 0:00:01]} Kxb4 {[%emt 0:00:25]} 56. g4 {[%emt 0:05:59]} Kc3 {[%emt 0:01:42]} 57. Nd6 {[%emt 0:00:07]} Bc6 {[%emt 0:00:11]} 58. h4 {[%emt 0:00:33]} Kd4 {[%emt 0:05:25]} 59. h5 {[%emt 0:00:53]} gxh5 {[%emt 0:00:46]} 60. gxh5 {[%emt 0:00:01]} Ke5 {[%emt 0:00:03]} 61. h6 {[%emt 0:00:11]} Kf6 {[%emt 0:00:14]} 62. Ke3 {[%emt 0:00:13]} b4 {[%emt 0:02:11]} 63. Nc4 {[%emt 0:09:43]} Bd5 {[%emt 0:00:33]} 64. Ne5 {[%emt 0:00:36]} b3 {[%emt 0:00:13]} 65. Nd3 {[%emt 0:00:10]} Kg6 {[%emt 0:00:45]} 66. Kd4 {[%emt 0:00:09]} Kxh6 {[%emt 0:00:22]} 67. Kc3 {[%emt 0:00:14]} Kg5 {[%emt 0:00:13]} 68. Nb4 {[%emt 0:00:29]} Kf4 {[%emt 0:00:26]} 69. Nxd5+ {[%emt 0:00:12]} exd5 {[%emt 0:00:08]} 70. Kxb3 {[%emt 0:00:02]} Ke3 {[%emt 0:00:11]} 0-1

[Event "WYCC 2018 O14"]
[Site "Halkidiki"]
[Date "2018.10.26"]
[Round "7"]
[White "Vujovic, Savo"]
[Black "Marn, Jan"]
[Result "0-1"]
[WhiteElo "1781"]
[BlackElo "2125"]
[Annotator "NA"]
[PlyCount "52"]
[EventDate "2018.10.20"]
[EventType "swiss"]
[EventCountry "GRE"]
[SourceTitle "playchess.com"]
[Source "ChessBase"]
[SourceQuality "1"]
[TimeControl "40/5400+30:1800+30"]

1. e4 {[%emt 0:00:00]} e5 {[%emt 0:00:00]} 2. Nf3 {[%emt 0:00:00]} Nc6 {[%emt 0:00:00]} 3. Bb5 {[%emt 0:00:00]} a6 {[%emt 0:00:00]} 4. Ba4 {[%emt 0:00:00]} Nf6 {[%emt 0:00:00]} 5. O-O {[%emt 0:00:00]} Be7 $11 {[%emt 0:00:13] LiveBook: 36347 Games} 6. Re1 {[%emt 0:00:18]} b5 {[%emt 0:00:05]} 7. Bb3 {[%emt 0:00:05]} d6 {[%emt 0:00:09]} 8. h3 {[%emt 0:00:19]} Na5 {[%emt 0:05:17]} 9. Nc3 {[%emt 0:05:10]} O-O {[%emt 0:01:07]} 10. d3 {[%emt 0:01:45]} b4 {[%emt 0:09:35]} 11. Nd5 {[%emt 0:05:22]} Nxd5 {[%emt 0:00:28]} 12. exd5 {[%emt 0:00:05]} Nxb3 {[%emt 0:11:42]} 13. axb3 {[%emt 0:00:07]} f5 {[%emt 0:00:16]} 14. Bd2 {[%emt 0:01:00]} Bb7 {[%emt 0:00:06]} 15. Bxb4 {[%emt 0:16:44]} Bxd5 {[%emt 0:00:06]} 16. d4 {[%emt 0:09:38]} e4 {[%emt 0:08:32]} 17. Nh2 {[%emt 0:04:11]} Qe8 {[%emt 0:17:29]} 18. c4 {[%emt 0:01:28]} Bf7 {[%emt 0:00:07]} 19. Ba5 {[%emt 0:04:49]} c6 {[%emt 0:05:08]} 20. d5 {[%emt 0:14:15]} cxd5 {[%emt 0:00:34]} 21. cxd5 {[%emt 0:00:04]} Qb5 {[%emt 0:00:07]} 22. Bc3 {[%emt 0:00:22]} Qxd5 {[%emt 0:00:33]} 23. Qxd5 {[%emt 0:05:35]} Bxd5 {[%emt 0:00:05]} 24. b4 {[%emt 0:00:05]} f4 {[%emt 0:24:04]} 25. Ra5 {[%emt 0:01:51]} Bb7 {[%emt 0:00:06]} 26. Nf3 {[%emt 0:00:08]} Bd8 {[%emt 0:00:12]} 0-1

[Event "WYCC 2018 O14"]
[Site "Halkidiki"]
[Date "2018.10.26"]
[Round "7"]
[White "Dabarera, G W D M"]
[Black "Van Dael, Siem"]
[Result "0-1"]
[WhiteElo "1768"]
[BlackElo "2202"]
[Annotator "NA"]
[PlyCount "40"]
[EventDate "2018.10.20"]
[EventType "swiss"]
[EventCountry "GRE"]
[SourceTitle "playchess.com"]
[Source "ChessBase"]
[SourceQuality "1"]
[TimeControl "40/5400+30:1800+30"]

1. e4 {[%emt 0:00:00]} e5 {[%emt 0:00:00]} 2. Nc3 {[%emt 0:00:00]} Nf6 {[%emt 0:00:00]} 3. f4 {[%emt 0:00:00]} d5 {[%emt 0:00:00]} 4. fxe5 {[%emt 0:00:00]} Nxe4 $11 {[%emt 0:00:00]} 5. Qf3 {[%emt 0:02:30]} f5 {[%emt 0:00:00]} 6. d3 {[%emt 0:00:10]} Nxc3 {[%emt 0:00:05]} 7. bxc3 {[%emt 0:00:02]} d4 {[%emt 0:00:07]} 8. Ne2 {[%emt 0:01:08]} dxc3 {[%emt 0:01:50]} 9. Nf4 {[%emt 0:00:50]} g6 {[%emt 0:08:02]} 10. Be2 {[%emt 0:54:23]} Nc6 {[%emt 0:08:38]} 11. O-O {[%emt 0:09:16]} Bg7 {[%emt 0:17:12]} 12. Ba3 {[%emt 0:03:49]} Nd4 {[%emt 0:05:18]} 13. Qg3 {[%emt 0:01:48]} Ne6 {[%emt 0:15:10]} 14. Kh1 {[%emt 0:09:33]} Qd4 {[%emt 0:06:56]} 15. Nxe6 {[%emt 0:04:12]} Bxe6 {[%emt 0:00:08]} 16. Qg5 {[%emt 0:00:23]} c5 {[%emt 0:00:33]} 17. Rab1 {[%emt 0:05:07]} b6 {[%emt 0:00:39]} 18. Rf4 {[%emt 0:01:02]} Qxe5 {[%emt 0:01:02]} 19. Bf3 {[%emt 0:00:23]} Rd8 {[%emt 0:00:22]} 20. Bc6+ {[%emt 0:00:53]} Kf7 {[%emt 0:00:19]} 0-1

[Event "WYCC 2018 O14"]
[Site "Halkidiki"]
[Date "2018.10.27"]
[Round "8"]
[White "Bjerre, Jonas Buhl"]
[Black "Kushagra Mohan"]
[Result "1/2-1/2"]
[WhiteElo "2438"]
[BlackElo "2283"]
[Annotator "NA RC"]
[PlyCount "75"]
[EventDate "2018.10.20"]
[EventType "swiss"]
[EventCountry "GRE"]
[SourceTitle "playchess.com"]
[Source "ChessBase"]
[SourceQuality "1"]
[TimeControl "40/5400+30:1800+30"]

1. e4 {[%emt 0:00:00]} e5 {[%emt 0:00:00]} 2. Nf3 {[%emt 0:00:00]} Nc6 {[%emt 0:00:00]} 3. Bb5 {[%emt 0:00:08]} a6 {[%emt 0:00:00]} 4. Ba4 {[%emt 0:00:07]} Nf6 {[%emt 0:00:00]} 5. O-O {[%emt 0:00:32]} Nxe4 {[%emt 0:00:00]} 6. d4 {[%emt 0:00:47]} b5 {[%emt 0:00:00]} 7. Bb3 {[%emt 0:00:24]} d5 {[%emt 0:00:00]} 8. dxe5 {[%emt 0:00:39]} Be6 {[%emt 0:00:09]} 9. Nbd2 {[%emt 0:00:42]} Nc5 {[%emt 0:00:14]} 10. c3 {[%emt 0:02:54]} Be7 {[%emt 0:00:07]} 11. Bc2 $14 {[%emt 0:01:07] LiveBook: 663 Games} d4 {[%emt 0:00:14]} 12. Nb3 {[%emt 0:01:07]} d3 {[%emt 0:00:07]} 13. Bb1 {[%emt 0:01:14]} Nxb3 {[%emt 0:00:06]} 14. axb3 {[%emt 0:00:06]} Bf5 {[%emt 0:00:04]} 15. Re1 {[%emt 0:00:51]} O-O {[%emt 0:00:15]} 16. Be3 {[%emt 0:00:53]} Qd5 {[%emt 0:01:34]} 17. Bd4 {[%emt 0:00:34]} d2 {[%emt 0:00:09]} 18. Re2 {[%emt 0:02:32]} Bxb1 {[%emt 0:00:55]} 19. Rxb1 {[%emt 0:00:16]} Nxd4 {[%emt 0:00:57]} 20. Nxd4 {[%emt 0:00:59]} Bg5 {[%emt 0:00:47]} 21. g3 {[%emt 0:04:22]} c5 {[%emt 0:05:24]} 22. Nf5 {[%emt 0:03:50]} Qd3 {[%emt 0:02:00]} 23. Nd6 {[%emt 0:02:03]} Qg6 {[%emt 0:00:45]} 24. h4 {[%emt 0:02:39]} Bxh4 {[%emt 0:07:29]} 25. Rxd2 {[%emt 0:04:16]} Be7 {[%emt 0:17:44]} 26. Qe1 {[%emt 0:09:55]} Qe6 {[%emt 0:12:01]} 27. Qe3 {[%emt 0:10:17]} Bxd6 {[%emt 0:08:27]} 28. Rxd6 {[%emt 0:02:03]} Qxb3 {[%emt 0:00:29]} 29. Qxc5 {[%emt 0:01:18]} Qc2 {[%emt 0:09:05]} 30. Ra1 {[%emt 0:11:09]} Rac8 {[%emt 0:09:04]} 31. Qa3 {[%emt 0:06:01]} Qe4 {[%emt 0:01:40]} 32. Rad1 {[%emt 0:07:29]} Qxe5 {[%emt 0:06:45]} 33. Qxa6 {[%emt 0:01:30]} Rb8 {[%emt 0:00:07]} 34. Qa7 {[%emt 0:03:41]} h6 {[%emt 0:02:14]} 35. Qd4 {[%emt 0:01:51]} Rfe8 {[%emt 0:06:18]} 36. Rd5 {[%emt 0:06:26]} Qe2 {[%emt 0:01:19]} 37. Rd2 {[%emt 0:03:12]} Qf3 {[%emt 0:01:19]} 38. Rd1 {[%emt 0:05:47]} 1/2-1/2

[Event "WYCC 2018 O14"]
[Site "Halkidiki"]
[Date "2018.10.27"]
[Round "8"]
[White "Tsoi, Dmitry"]
[Black "Gines Esteo, Pedro Antonio"]
[Result "0-1"]
[WhiteElo "2429"]
[BlackElo "2288"]
[Annotator "TA"]
[PlyCount "152"]
[EventDate "2018.10.20"]
[EventType "swiss"]
[EventCountry "GRE"]
[SourceTitle "playchess.com"]
[Source "ChessBase"]
[SourceQuality "1"]

{[%evp 24,152,13,6,11,4,11,0,10,0,0,0,4,0,19,19,19,19,19,19,19,13,19,19,19,19,19,19,19,19,19,0,12,0,31,33,35,38,34,34,35,22,36,27,27,18,27,23,26,26,26,17,23,0,0,0,0,-410,-381,-439,-422,-784,-780,-728,-411,-416,-412,-398,-139,-395,-387,-451,-475,-470,-451,-439,-435,-432,-431,-643,-643,-783,-784,-739,-672,-1292,-1215,-1047,-850,-29975,-29976,-29976,-29977,-29977,-29978,-29978,-29979,-29979,-29980,-29980,-29981,-29981,-29982,-29984,-29979,-29979,-29970,-29966,-29963,-29963,-29960,-29967,-29971,-29967,-29966,-29960,-2486,-29973,-29973,-29973,-29966,-8109,-6766,-4460,-2735,-29980,-29981,-29981,-29982,-29982,-29983]} 1. e4 c6 2. d4 d5 3. exd5 cxd5 4. Bd3 Nc6 5. c3 Nf6 6. h3 g6 7. Nf3 Bf5 8. O-O Bxd3 9. Qxd3 Bg7 10. Bf4 O-O 11. Nbd2 Rc8 12. Rfe1 e6 13. Ne5 {LiveBook: 5 Games. B13: Caro-Kann: Exchange Variation and Panov-Botvinnik Attack} Nxe5 (13... Nd7 14. Ndf3 a6 15. h4 Ndxe5 16. dxe5 h5 17. Rad1 Qc7 18. Qe3 Ne7 19. Nd4 Nc6 20. Nf3 Ne7 21. Nd4 Nc6 22. Qe2 Qb6 23. Nb3 Na5 24. Nd4 Nc6 25. Nb3 Na5 26. Nd4 {½-½ (26) Jurcik,M (2479)-Velicka,P (2446) Vysna Boca 2017}) 14. Bxe5 Nd7 15. Bf4 {The position is equal.} Nb6 $146 ({Predecessor:} 15... Qb6 16. Rab1 Qc6 17. g4 b5 18. Rbc1 a5 19. Nf3 Qb6 20. Kg2 b4 21. cxb4 Qxb4 {½-½ (79) Hiermann,D (2320)-Niedermaier,H (2255) Germany 2009}) 16. b3 Nd7 {[%cal Bb6d7,Bd7f6,Bf6e8][%mdl 32]} 17. a4 Nf6 18. a5 Ne8 19. a6 b6 20. Nb1 {[%cal Bd2b1,Bb1a3,Ba3b5][%mdl 32]} Nd6 21. Na3 Qd7 22. Re2 Rfd8 23. Bxd6 Qxd6 24. Nb5 Qd7 25. Kf1 Re8 26. Rd1 Rcd8 27. Ke1 f6 28. Kf1 Qf7 29. c4 dxc4 30. bxc4 e5 31. d5 f5 32. d6 e4 33. Qd5 Rd7 $1 34. Rc2 Re5 35. Qa8+ Bf8 36. Rd5 Re8 37. Qc6 Red8 38. c5 Rc8 $36 {[%mdl 2048] White is under pressure.} 39. Qxc8 Qxd5 {[%cal Rd5d1]} 40. Nc3 $2 {[%mdl 8192]} (40. Ke1 $11 {and White is okay.} Qd3 41. Rb2 (41. Qxd7 Qxc2 42. Qe6+ Kg7 $11)) 40... Qc4+ $19 41. Ke1 {[#]} Rxd6 $1 {[%mdl 512]} 42. Nd5 (42. Qe8 $142 bxc5 43. Qb5) (42. cxd6 Qxc8) 42... Qxc2 43. Ne7+ Kg7 {[%csl Gc2][%cal Rd6d1]} 44. cxd6 Qb1+ 45. Ke2 Qd3+ 46. Ke1 {[#] intending Qe6.} e3 $1 {( -> ...Qd2+)} 47. fxe3 Qxe3+ 48. Kf1 Qd3+ 49. Ke1 Qg3+ 50. Ke2 Qxg2+ 51. Kd3 (51. Kd1 $142 Qf3+ 52. Kc2 Qe2+ 53. Kc1) 51... Qxh3+ 52. Kc4 Bxe7 53. dxe7 {[%mdl 4096] Endgame KQ-KQ} Qh4+ 54. Kb5 {[%csl Ge7][%cal Rc8f8]} Qxe7 55. Qc3+ Kf7 {White must now prevent ...Qc5+!} 56. Kc6 Qc5+ 57. Qxc5 bxc5 {KP-KP} 58. Kb7 c4 59. Kxa7 c3 60. Kb6 c2 61. a7 c1=Q 62. a8=Q {KQ-KQ} Qe3+ 63. Kc7 Qe5+ 64. Kb6 h5 {[%cal Bh7h5,Bh5h4][%mdl 32]} 65. Qb7+ Qe7 66. Qf3 h4 67. Ka5 Qe5+ 68. Ka6 Kg7 69. Qd3 Qf6+ (69... g5 $142 70. Kb6 g4 71. Qd2 Kg6 72. Qa2 h3 73. Qg8+ Kh6 74. Qf8+ Kh5 75. Qf7+ Kh4 76. Qh7+ Kg3 77. Qf7 Qd4+ 78. Ka6 f4 79. Qh5 f3 80. Qb5 Kg2 81. Qa5 h2 82. Kb7 h1=Q 83. Qf5 g3 84. Qc2+ f2 85. Qc7 Qb4+ 86. Kc6 Kh3+ 87. Kd7 Qd5+ 88. Ke8 Qe6+ 89. Kd8 Qf8#) 70. Ka7 f4 {[%cal Bf5f4,Bf4f3][%mdl 32]} 71. Qf3 Kh6 72. Kb8 Qe5+ 73. Ka8 Qf5 74. Qf2 Qe4+ {Black mates.} 75. Kb8 f3 76. Qd2+ Kh5 {Precision: White = 56%, Black = 66%.} 0-1

[Event "WYCC 2018 O14"]
[Site "Halkidiki"]
[Date "2018.10.27"]
[Round "8"]
[White "Spyropoulos, Nikolaos"]
[Black "Tsay, Vincent"]
[Result "1-0"]
[WhiteElo "2378"]
[BlackElo "2310"]
[Annotator "NA"]
[PlyCount "135"]
[EventDate "2018.10.20"]
[EventType "swiss"]
[EventCountry "GRE"]
[SourceTitle "playchess.com"]
[Source "ChessBase"]
[SourceQuality "1"]
[TimeControl "40/5400+30:1800+30"]

1. e4 {[%emt 0:00:00]} c5 {[%emt 0:00:00]} 2. Nf3 {[%emt 0:00:00]} e6 {[%emt 0:00:00]} 3. d4 {[%emt 0:00:00]} cxd4 {[%emt 0:00:00]} 4. Nxd4 {[%emt 0:00:00]} a6 {[%emt 0:00:00]} 5. Bd3 {[%emt 0:00:49]} Bc5 {[%emt 0:00:01]} 6. Nb3 {[%emt 0:00:14]} Ba7 {[%emt 0:00:07]} 7. O-O {[%emt 0:06:28]} Ne7 {[%emt 0:01:16]} 8. c4 {[%emt 0:02:20]} Nbc6 {[%emt 0:01:07]} 9. Nc3 {[%emt 0:01:45]} O-O {[%emt 0:00:27]} 10. Bf4 {[%emt 0:09:45]} d6 {[%emt 0:02:39]} 11. Qd2 {[%emt 0:02:07]} e5 {[%emt 0:03:33]} 12. Be3 {[%emt 0:02:01]} Bxe3 {[%emt 0:00:33]} 13. fxe3 {[%emt 0:09:43]} Be6 {[%emt 0:03:34]} 14. Nd5 {[%emt 0:06:16]} a5 {[%emt 0:07:58]} 15. Nc1 {[%emt 0:14:48]} Bxd5 {[%emt 0:07:34]} 16. exd5 {[%emt 0:00:53]} Nb8 {[%emt 0:02:18]} 17. Ne2 {[%emt 0:03:06]} Nd7 {[%emt 0:02:17]} 18. Nc3 {[%emt 0:06:38]} Nc5 {[%emt 0:01:42]} 19. Bc2 {[%emt 0:00:13]} Nc8 {[%emt 0:02:29]} 20. Rf3 {[%emt 0:03:38]} g6 {[%emt 0:03:04]} 21. Raf1 {[%emt 0:05:09]} Nb6 {[%emt 0:03:38]} 22. Qe2 {[%emt 0:01:56]} f5 {[%emt 0:02:03]} 23. Nb5 {[%emt 0:00:32]} Qe7 {[%emt 0:01:37]} 24. Kh1 {[%emt 0:01:46]} Na6 {[%emt 0:03:11]} 25. R3f2 {[%emt 0:03:51]} Nc7 {[%emt 0:03:26]} 26. Nc3 {[%emt 0:00:23]} Nd7 {[%emt 0:04:45]} 27. g3 {[%emt 0:00:59]} Qg5 {[%emt 0:10:36]} 28. a3 {[%emt 0:03:18]} Nf6 {[%emt 0:06:10]} 29. c5 {[%emt 0:04:02]} Ng4 {[%emt 0:02:54]} 30. Rf3 {[%emt 0:00:55]} Qe7 {[%emt 0:05:21]} 31. e4 {[%emt 0:04:50]} f4 {[%emt 0:06:03]} 32. gxf4 {[%emt 0:00:07]} dxc5 {[%emt 0:00:35]} 33. f5 {[%emt 0:01:19]} Ra6 {[%emt 0:05:06]} 34. Qg2 {[%emt 0:05:02]} Nh6 {[%emt 0:05:52]} 35. fxg6 {[%emt 0:00:24]} Rxf3 {[%emt 0:00:24]} 36. gxh7+ {[%emt 0:00:04]} Kxh7 {[%emt 0:00:13]} 37. Qxf3 {[%emt 0:00:07]} Rg6 {[%emt 0:01:01]} 38. Bd1 {[%emt 0:01:17]} Ne8 {[%emt 0:01:35]} 39. Qf8 {[%emt 0:02:03]} Qg5 {[%emt 0:01:37]} 40. Qf2 {[%emt 0:00:00]} Nd6 {[%emt 0:00:00]} 41. Rg1 {[%emt 0:14:36]} Qxg1+ {[%emt 0:05:41]} 42. Qxg1 {[%emt 0:00:09]} Rxg1+ {[%emt 0:00:06]} 43. Kxg1 {[%emt 0:00:04]} Kg7 {[%emt 0:02:37]} 44. Be2 {[%emt 0:01:05]} Kf6 {[%emt 0:01:16]} 45. Kf2 {[%emt 0:01:12]} Nhf7 {[%emt 0:01:44]} 46. Ke3 {[%emt 0:04:41]} Ng5 {[%emt 0:02:13]} 47. h4 {[%emt 0:00:36]} Nh3 {[%emt 0:00:22]} 48. Na4 {[%emt 0:00:30]} Nf4 {[%emt 0:03:26]} 49. Bf1 {[%emt 0:05:25]} c4 {[%emt 0:06:08]} 50. Nb6 {[%emt 0:00:07]} Ke7 {[%emt 0:06:47]} 51. Kf3 {[%emt 0:00:28]} Ng6 {[%emt 0:01:12]} 52. h5 {[%emt 0:00:28]} Nf4 {[%emt 0:00:03]} 53. h6 {[%emt 0:00:06]} Nf7 {[%emt 0:00:19]} 54. Nxc4 {[%emt 0:00:25]} Ng6 {[%emt 0:02:53]} 55. Nxa5 {[%emt 0:00:24]} Nxh6 {[%emt 0:01:19]} 56. Nxb7 {[%emt 0:00:11]} Nf7 {[%emt 0:00:39]} 57. a4 {[%emt 0:00:10]} Kd7 {[%emt 0:00:22]} 58. b4 {[%emt 0:00:40]} Kc7 {[%emt 0:00:05]} 59. Nc5 {[%emt 0:00:05]} Nd6 {[%emt 0:00:13]} 60. a5 {[%emt 0:00:26]} Ne7 {[%emt 0:00:22]} 61. b5 {[%emt 0:00:13]} Nf7 {[%emt 0:01:10]} 62. b6+ {[%emt 0:00:35]} Kb8 {[%emt 0:00:21]} 63. a6 {[%emt 0:00:46]} Nd6 {[%emt 0:00:13]} 64. Nd7+ {[%emt 0:00:15]} Ka8 {[%emt 0:00:32]} 65. Bb5 {[%emt 0:03:40]} Nb7 {[%emt 0:01:05]} 66. Bc6 {[%emt 0:00:11]} Nxc6 {[%emt 0:00:04]} 67. dxc6 {[%emt 0:00:06]} Nd6 {[%emt 0:00:31]} 68. b7+ {[%emt 0:00:05]} 1-0

[Event "WYCC 2018 O14"]
[Site "Halkidiki"]
[Date "2018.10.27"]
[Round "8"]
[White "Kacharava, Nikolozi"]
[Black "Tengis, Tsog-Ochir"]
[Result "1-0"]
[WhiteElo "2373"]
[BlackElo "2205"]
[Annotator "NA"]
[PlyCount "105"]
[EventDate "2018.10.20"]
[EventType "swiss"]
[EventCountry "GRE"]
[SourceTitle "playchess.com"]
[Source "ChessBase"]
[SourceQuality "1"]
[TimeControl "40/5400+30:1800+30"]

1. e4 {[%emt 0:00:00]} e5 {[%emt 0:00:00]} 2. Nf3 {[%emt 0:00:07]} Nc6 {[%emt 0:00:00]} 3. Bc4 {[%emt 0:00:33]} Bc5 {[%emt 0:00:07]} 4. c3 {[%emt 0:00:39]} Nf6 {[%emt 0:00:07]} 5. d3 {[%emt 0:00:46]} d6 {[%emt 0:00:35]} 6. O-O {[%emt 0:00:44]} O-O {[%emt 0:00:22]} 7. Nbd2 {[%emt 0:00:47]} Be6 {[%emt 0:01:44]} 8. b4 {[%emt 0:06:13]} Bb6 {[%emt 0:00:21]} 9. a4 {[%emt 0:01:06]} a6 {[%emt 0:01:03]} 10. h3 {[%emt 0:06:04]} Ba7 {[%emt 0:00:33]} 11. Re1 {[%emt 0:10:46]} h6 {[%emt 0:04:42]} 12. Bb2 {[%emt 0:07:52]} Qd7 {[%emt 0:00:36]} 13. b5 {[%emt 0:02:06]} Ne7 {[%emt 0:04:22]} 14. bxa6 {[%emt 0:08:30]} bxa6 {[%emt 0:00:43]} 15. d4 {[%emt 0:02:17]} exd4 {[%emt 0:25:10]} 16. cxd4 {[%emt 0:02:10]} Bxc4 {[%emt 0:06:47]} 17. Nxc4 {[%emt 0:00:08]} d5 {[%emt 0:00:03]} 18. Nce5 {[%emt 0:05:25]} Qd8 {[%emt 0:00:07]} 19. exd5 {[%emt 0:01:26]} Qxd5 {[%emt 0:00:21]} 20. Qc2 {[%emt 0:04:38]} Rfc8 {[%emt 0:04:15]} 21. Ng4 {[%emt 0:04:51]} Ng6 {[%emt 0:03:04]} 22. Nxf6+ {[%emt 0:03:22]} gxf6 {[%emt 0:06:16]} 23. Qd2 {[%emt 0:01:47]} Rab8 {[%emt 0:02:38]} 24. Ba3 {[%emt 0:02:19]} Kh7 {[%emt 0:03:39]} 25. Rac1 {[%emt 0:02:33]} Rb3 {[%emt 0:01:51]} 26. Re3 {[%emt 0:03:24]} Rxe3 {[%emt 0:00:58]} 27. fxe3 {[%emt 0:05:13]} c6 {[%emt 0:03:59]} 28. Qd3 {[%emt 0:01:00]} Rg8 {[%emt 0:03:08]} 29. Kh1 {[%emt 0:06:00]} a5 {[%emt 0:02:37]} 30. Qc4 {[%emt 0:02:21]} Rb8 {[%emt 0:08:34]} 31. Qxc6 {[%emt 0:01:50]} Qb3 {[%emt 0:00:49]} 32. Qc4 {[%emt 0:03:32]} Qxc4 {[%emt 0:00:17]} 33. Rxc4 {[%emt 0:00:04]} Rb3 {[%emt 0:00:03]} 34. Bd6 {[%emt 0:02:19]} Kg7 {[%emt 0:01:37]} 35. e4 {[%emt 0:00:37]} Rb6 {[%emt 0:02:02]} 36. Bc7 {[%emt 0:02:50]} Rb4 {[%emt 0:03:06]} 37. Nd2 {[%emt 0:00:54]} Rb2 {[%emt 0:01:35]} 38. Nf3 {[%emt 0:00:41]} Rb1+ {[%emt 0:00:36]} 39. Kh2 {[%emt 0:00:17]} Rb4 {[%emt 0:00:01]} 40. Rxb4 {[%emt 0:00:00]} axb4 {[%emt 0:00:00]} 41. Ba5 {[%emt 0:07:14]} b3 {[%emt 0:00:03]} 42. Nd2 {[%emt 0:00:51]} Bxd4 {[%emt 0:02:04]} 43. Nxb3 {[%emt 0:00:14]} Be5+ {[%emt 0:00:18]} 44. Kh1 {[%emt 0:01:22]} Kf8 {[%emt 0:00:13]} 45. Bd2 {[%emt 0:04:35]} Ke7 {[%emt 0:07:27]} 46. Bxh6 {[%emt 0:00:34]} Kd6 {[%emt 0:00:01]} 47. Be3 {[%emt 0:01:04]} Kc7 {[%emt 0:00:21]} 48. Kg1 {[%emt 0:02:05]} Ne7 {[%emt 0:00:38]} 49. Kf2 {[%emt 0:04:16]} Nc6 {[%emt 0:01:41]} 50. h4 {[%emt 0:00:58]} Nb4 {[%emt 0:00:53]} 51. h5 {[%emt 0:00:54]} Nd3+ {[%emt 0:00:13]} 52. Ke2 {[%emt 0:00:39]} Nb2 {[%emt 0:00:02]} 53. h6 {[%emt 0:01:12]} 1-0